00602 2200217 4500001002100000005001700021008004100038020001800079035002400097040001200121082001400133084002000147100001600167245005800183250001700241260004100258300002800299650002400327850001200351990002100363INLIS00000000002408620161111091743.0  a979-507-301-x 0010-111600000000340 aYOPDYOG 223a338.4 aDEP 338.4 Des P aDESKY, M.A. aPengantar bisnis biro perjalanan wisatac/ M.A. Desky aEd.1, Cet. 1 aYogyakartabAdicita Karya Nusac1999 axvi, 105 hlm.c; 20 cm. aPariwisata Industri aYOPDYOG aCB-D.11/1999-393